00419nam a22001457a 4500041001200000082001700012100001800029245002300047260003000070300000800100650002600108942000700134952011500141999001700256 aEnglish a294.543 RAM1 aRamdas, Swami aAt the Feet of God aKeralabAnandashramc1928 a130 aSpirituality-Hinduism cBK 00104070aHMIbHMIcGENd2014-08-21eAnandashramg130.00l0o294.543 RAM1p24681r2018-05-22w2018-05-22yBK c21020d21020